L'idiot / (Record no. 52996)

MARC details
000 -LEADER
campo de control de longitud fija 00832nam a2200229 i 4500
001 - NÚMERO DE CONTROL
campo de control 52996
003 - IDENTIFICADOR DE NÚMERO DE CONTROL
campo de control ES-MaACL
005 - FECHA Y HORA DE LA ÚLTIMA TRANSACCIÓN
campo de control 20251019063041.0
007 - CAMPO FIJO DE DESCRIPCIÓN FÍSICA--INFORMACIÓN GENERAL
campo de control de longitud fija t|
008 - DATOS DE LONGITUD FIJA--INFORMACIÓN GENERAL
campo de control de longitud fija 950907q18801900fr ||||1| fre d
040 ## - FUENTE DE CATALOGACIÓN
Centro catalogador/agencia de origen CAM
Lengua de catalogación spa
Centro/agencia transcriptor CAM
100 1# - ENTRADA PRINCIPAL--NOMBRE DE PERSONA
Nombre de persona Dostoievski, Fiódor,
Fechas asociadas al nombre 1821-1881
9 (RLIN) 242371
245 12 - MENCIÓN DEL TÍTULO
Título L'idiot /
Mención de responsabilidad, etc. Th. Dostoïevsky ; traduit du russe par Victor Derély ; et précédé d'un préface par le Vte. E. Melchior de Vogüé.
250 ## - MENCION DE EDICION
Mención de edición 3e éd.
260 ## - PUBLICACIÓN, DISTRIBUCIÓN, ETC.
Lugar de publicación, distribución, etc. Paris :
Nombre del editor, distribuidor, etc. E. Plon, Nourrit et Cie.,
Fecha de publicación, distribución, etc. [188-?]
300 ## - DESCRIPCIÓN FÍSICA
Extensión 2 v. ;
Dimensiones 19 cm.
500 ## - NOTA GENERAL
Nota general En el verso de la portadilla del segundo volumen, la fecha del depósito legal es 1887.
700 1# - ENTRADA AGREGADA--NOMBRE PERSONAL
Nombre de persona Derély, Victor.
9 (RLIN) 43765
700 1# - ENTRADA AGREGADA--NOMBRE PERSONAL
Nombre de persona Vogüé, Eugène-Melchior,
Títulos y otros términos asociados al nombre Vicomte de
9 (RLIN) 115669
852 ## - LOCALIZACIÓN
Ubicación ES-MaACL
Número de control de estantería D-3681-82
Holdings
Estatus retirado Estado de pérdida Estado de daño No para préstamo Colección Biblioteca de origen Biblioteca actual Ubicación en estantería Fecha de adquisición Fuente de adquisición Total de préstamos Signatura topográfica completa Código de barras Visto por última vez Precio de reemplazo Tipo de ítem Koha
        Libros del s. XIX Biblioteca del Ateneo de Madrid Biblioteca del Ateneo de Madrid Sala Valle Inclán 17/01/2008     D-3681-82 901055690 23/02/2023 23/02/2023 Libro impreso antiguo